| 000 | 01519 a2200241 4500 | ||
|---|---|---|---|
| 003 | Nust | ||
| 005 | 20230222113400.0 | ||
| 010 | _a 00025305 | ||
| 020 | _a0072321113 | ||
| 040 | _cNust | ||
| 082 | 0 | 0 | _a621.382,PRO |
| 100 | 1 |
_aProakis, John G. _9662 |
|
| 245 | 1 | 0 |
_aDigital Communications / _cJohn G. Proakis. |
| 250 | _a4th ed. | ||
| 260 |
_aBoston : _bMcGraw-Hill, _c2000. |
||
| 300 |
_axxi, 1002 p. : _bill. ; _c24 cm. |
||
| 440 | 0 |
_aMcGraw-Hill series in electrical and computer engineering _934577 |
|
| 505 | _aIntroduction (Page-1), Probability and Stochastic Processes (Page-17), Source Coding (Page-80), Characterization of Communication Signals and Systems (Page-148), Optimum Receivers for the Additive White Gaussian Noise Channel (Page-231), Carrier and Symbol Synchronization (Page-333), Channel Capacity and Coding (Page-376), Block and Convolutional Channel Codes (Page-416), Signal Design for Band Limited Channels (Page-548), Communication Through Band Limited Linear Filter Channels (Page-598), Adaptive Equalization (Page-660), Multichannel and Multicarrier Systems (Page-709), Spread Spectrum Signals for Digital Communications (Page-726), Digital Communications Through Fading Multipath Channels (Page-800), Multiuser Communications (Page-896). | ||
| 650 | 0 |
_aDigital communications. _9237 |
|
| 856 | 4 | 2 |
_3Publisher description _uhttp://www.loc.gov/catdir/description/mh021/00025305.html |
| 856 | 4 | 2 |
_3Table of contents _uhttp://www.loc.gov/catdir/toc/mh021/00025305.html |
| 942 |
_2ddc _cBK |
||
| 999 |
_c188239 _d188239 |
||